| 000 | 00612nam a22002057a 4500 | ||
|---|---|---|---|
| 003 | 0 | ||
| 005 | 20251108084003.0 | ||
| 008 | 251108b xxu||||| |||| 00| 0 eng d | ||
| 020 | _a0-75284-826-7 | ||
| 050 |
_aPS 3557.A7133 _b.G37 2002 |
||
| 100 |
_aGardner, Lisa, _eauthor. |
||
| 245 |
_aThe Next accident / _cLisa Gardner. |
||
| 260 |
_aLondon : _bOrion, _c2002. |
||
| 300 |
_avi, 339 pages ; _c18 cm. |
||
| 650 | _aDetective and mystery fiction. | ||
| 650 |
_aFederal Bureau of Investigation _xFiction. |
||
| 650 |
_aCriminal profilers _xFiction. |
||
| 650 |
_aSerial murderers _xFiction. |
||
| 942 |
_2lcc _cBK |
||
| 999 |
_c368520 _d368520 |
||